[Event "15.Open Primavera"]
[Site "Robecchetto con Induno ITA"]
[Date "2018.05.03"]
[Round "5"]
[White "Colombo, Ernesto"]
[Black "Colusso, Ermes"]
[Result "1-0"]
[WhiteElo "1608"]
[BlackElo "1741"]
[PlyCount "87"]
[EventDate "2018.04.05"]

1. d4 Nf6 2. c4 c5 3. d5 e6 4. d6 Ne4 5. Nc3 Nxd6 6. e4 Nc6 7. Bf4 e5 8. Be3 b6
9. Nf3 Bb7 10. Be2 Be7 11. O-O O-O 12. Nd2 Nd4 13. Bd3 Ne8 14. f4 d6 15. fxe5
dxe5 16. Nd5 Nf6 17. Nxe7+ Qxe7 18. Bg5 Qe6 19. Bxf6 gxf6 20. Qh5 Rad8 21. Rf2
Nc6 22. Be2 Ne7 23. Bg4 Qc6 24. Bf3 Ng6 25. Nf1 Nf4 26. Qg4+ Kh8 27. Ne3 Rg8
28. Qh4 Bc8 29. Nf5 Qe6 30. Bg4 Rg6 31. h3 Rg5 32. g3 Ng6 33. Qh6 Rg8 34. Rd1
Qxc4 35. Nd6 Qxa2 36. Rd5 Rg7 37. Nxc8 Qb1+ 38. Rd1 Qxe4 39. Nd6 Qa8 40. Rxf6
Rxg4 41. hxg4 Qf8 42. Nf5 Rg8 43. Qxf8 Rxf8 44. Rd7 1-0

[Event "15.Open Primavera"]
[Site "Robecchetto con Induno ITA"]
[Date "2018.05.03"]
[Round "5"]
[White "Pappalardo, Antonio"]
[Black "Rampazzo, Franco"]
[Result "1-0"]
[WhiteElo "1709"]
[BlackElo "1351"]
[PlyCount "93"]
[EventDate "2018.04.05"]

1. d4 Nf6 2. c4 e6 3. a3 d5 4. e3 g6 5. Nc3 Bg7 6. Nf3 Nc6 7. b4 a6 8. Bb2 O-O
9. Rc1 b6 10. Qc2 Re8 11. cxd5 exd5 12. Nxd5 Qxd5 13. Qxc6 Qxc6 14. Rxc6 Re7
15. Be2 Bb7 16. Rc1 b5 17. O-O c6 18. Ne5 Rc8 19. Bf3 Nd5 20. Nd3 Nb6 21. Rc2
Nc4 22. Bc1 Rcc7 23. Nc5 Bc8 24. Rd1 h5 25. h3 Bf8 26. Be2 Nd6 27. Bd3 f5 28.
f3 Bh6 29. e4 fxe4 30. fxe4 Bxc1 31. Rdxc1 Rf7 32. Nb3 Rf4 33. Rxc6 Rxc6 34.
Rxc6 Nxe4 35. Rxc8+ Kg7 36. Bxe4 Rxe4 37. Rc3 Re6 38. Kf2 Kh6 39. d5 Rd6 40.
Rd3 Kg5 41. Ke3 Kf5 42. Kd4 Kf4 43. Kc5 Rd8 44. d6 Kf5 45. d7 Ke6 46. Nd4+ Kxd7
47. Nc6+ 1-0

[Event "15.Open Primavera"]
[Site "Robecchetto con Induno ITA"]
[Date "2018.05.03"]
[Round "5"]
[White "Madaschi, Sergio"]
[Black "Wintour, Thomas"]
[Result "0-1"]
[WhiteElo "1334"]
[BlackElo "1668"]
[PlyCount "68"]
[EventDate "2018.04.05"]

1. e4 e5 2. Nf3 Nc6 3. Bb5 Nf6 4. O-O d6 5. Re1 a6 6. Ba4 b5 7. Bb3 Na5 8. c3
Nxb3 9. Qxb3 Be6 10. Qc2 c5 11. d4 cxd4 12. cxd4 Rc8 13. Qd1 Bg4 14. dxe5 Bxf3
15. Qxf3 dxe5 16. Rd1 Qc7 17. Nc3 Be7 18. Be3 O-O 19. Rac1 Qb7 20. Nd5 Nxd5 21.
exd5 Rfd8 22. Rxc8 Qxc8 23. Qe4 Bd6 24. Rc1 Qd7 25. Bc5 f5 26. Qd3 e4 27. Qd4
Qc7 28. g3 a5 29. a3 a4 30. Qe3 Rc8 31. Rc3 Bxc5 32. Qc1 Qd6 33. b4 axb3 34.
Rxb3 Bxf2+ 0-1

[Event "15.Open Primavera"]
[Site "Robecchetto con Induno ITA"]
[Date "2018.05.03"]
[Round "5"]
[White "Marchesotti, Giovanni"]
[Black "Colombo, Sandro"]
[Result "1/2-1/2"]
[WhiteElo "1406"]
[BlackElo "1748"]
[PlyCount "35"]
[EventDate "2018.04.05"]

1. f4 e5 2. fxe5 d6 3. Nf3 g5 4. g3 dxe5 5. d3 Be7 6. Bg2 Nc6 7. Be3 g4 8. Nfd2
h5 9. Nc3 h4 10. Bf2 f5 11. e3 h3 12. Bxc6+ bxc6 13. O-O Nf6 14. Nc4 Bb4 15.
Qe2 Bxc3 16. bxc3 Qd5 17. e4 fxe4 18. dxe4 1/2-1/2

[Event "15.Open Primavera"]
[Site "Robecchetto con Induno ITA"]
[Date "2018.05.03"]
[Round "5"]
[White "Zanin, Armando"]
[Black "Brioschi, Camillo"]
[Result "1-0"]
[WhiteElo "1466"]
[BlackElo "1729"]
[PlyCount "83"]
[EventDate "2018.04.05"]

1. c4 e5 2. Nc3 Nf6 3. d3 Nc6 4. e3 g6 5. Nf3 Bg7 6. a3 O-O 7. Be2 d6 8. O-O
Re8 9. e4 Bg4 10. Rb1 Rf8 11. Bg5 h6 12. Bd2 Ne8 13. b4 Bc8 14. b5 Ne7 15. a4
f5 16. Qc1 f4 17. Qc2 g5 18. Kh1 Ng6 19. Nd5 g4 20. Ng1 Nh4 21. f3 Qg5 22. Be1
Rf7 23. Bxh4 Qxh4 24. Qd1 h5 25. Rc1 b6 26. Qd2 Nf6 27. Nxf6+ Bxf6 28. a5 Be6
29. Ra1 Raf8 30. axb6 axb6 31. Ra6 Kh7 32. Rfa1 Qf2 33. Qe1 Qe3 34. Bf1 gxf3
35. Nxf3 Qc5 36. h3 Rg7 37. Nd2 Rfg8 38. Ra8 Bd8 39. Nb3 Qe3 40. Qxe3 fxe3 41.
Re1 Rg3 42. Kh2 1-0

[Event "15.Open Primavera"]
[Site "Robecchetto con Induno ITA"]
[Date "2018.05.03"]
[Round "5"]
[White "Giusti, Francesco"]
[Black "Crotti, Massimo"]
[Result "0-1"]
[WhiteElo "1478"]
[BlackElo "1382"]
[PlyCount "78"]
[EventDate "2018.04.05"]

1. e4 c6 2. d4 d5 3. e5 Bf5 4. Nf3 Qd7 5. Be2 e6 6. c3 Be7 7. O-O Qd8 8. b4 b5
9. a4 Qb6 10. axb5 cxb5 11. Ra5 a6 12. Bxb5+ Nc6 13. Bxc6+ Qxc6 14. Nfd2 Bd8
15. Ra2 Ne7 16. Qa4 Qxa4 17. Rxa4 O-O 18. Na3 Nc8 19. Nab1 Nb6 20. Ra1 Bc7 21.
h3 Rfc8 22. Re1 Bd8 23. Bb2 Bg5 24. Nf3 Be7 25. Nbd2 h6 26. Ra2 Bd3 27. Re3 Bg6
28. g4 Nc4 29. Nxc4 dxc4 30. Re1 Bd8 31. Raa1 Rcb8 32. Ba3 Be7 33. h4 h5 34. g5
Rb5 35. Nd2 Bd3 36. Ra2 a5 37. bxa5 Rbxa5 38. Nb1 Bxb1 39. Rxb1 Rxa3 0-1

[Event "15.Open Primavera"]
[Site "Robecchetto con Induno ITA"]
[Date "2018.05.03"]
[Round "5"]
[White "Minore, Antonino"]
[Black "Macchiettini, Pierangelo"]
[Result "0-1"]
[WhiteElo "1239"]
[BlackElo "1654"]
[PlyCount "120"]
[EventDate "2018.04.05"]

1. d4 d5 2. Nc3 e6 3. Nf3 Nf6 4. Bg5 Nbd7 5. e3 c6 6. Be2 Bb4 7. O-O Qa5 8. Nb1
Bd6 9. c3 O-O 10. b4 Qc7 11. h3 h6 12. Bh4 e5 13. Bxf6 Nxf6 14. dxe5 Bxe5 15.
Nxe5 Qxe5 16. Bf3 Qg5 17. g4 h5 18. Bg2 hxg4 19. f4 Qg6 20. h4 Bf5 21. Na3 Rfe8
22. Qe1 Be4 23. Rd1 Bxg2 24. Kxg2 Qe4+ 25. Kg1 Qxe3+ 26. Qxe3 Rxe3 27. Nb1 Rae8
28. Kg2 Ne4 29. f5 Rg3+ 30. Kh2 Rh3+ 31. Kg2 Nxc3 32. Nxc3 Rxc3 33. Rd4 g3 34.
Rg4 Re2+ 35. Kg1 g2 36. Ra1 Rf3 37. h5 Rxf5 38. h6 g6 39. Rxg2 Rxg2+ 40. Kxg2
Re5 41. Kf2 Kh7 42. a4 Kxh6 43. a5 a6 44. Ra3 f5 45. Rb3 Kg5 46. Rg3+ Kf6 47.
Rb3 f4 48. Rb1 Re4 49. Kf3 g5 50. Rb2 Kf5 51. Rb1 g4+ 52. Kf2 g3+ 53. Kg2 Kg4
54. Rf1 Re2+ 55. Kg1 f3 56. b5 f2+ 57. Kg2 Re1 58. bxc6 Rxf1 59. Kxf1 bxc6 60.
Kg2 d4 0-1

[Event "15.Open Primavera"]
[Site "Robecchetto con Induno ITA"]
[Date "2018.05.10"]
[Round "6"]
[White "Santoruvo, Gianfranco"]
[Black "Barrera, Pietro"]
[Result "1/2-1/2"]
[WhiteElo "1735"]
[BlackElo "1810"]
[PlyCount "75"]
[EventDate "2018.04.05"]

1. e4 c5 2. c3 Nf6 3. e5 Nd5 4. d4 e6 5. f4 cxd4 6. cxd4 Nc6 7. Nf3 Bb4+ 8. Kf2
Qb6 9. Be3 Nce7 10. Bc4 Nxe3 11. Kxe3 Nf5+ 12. Ke2 d5 13. Bb3 Bd7 14. Nc3 Rc8
15. Rc1 O-O 16. Bc2 Bxc3 17. Bxf5 exf5 18. bxc3 Qa6+ 19. Kf2 Qxa2+ 20. Rc2 Qa6
21. Qd2 Rc4 22. Rhc1 Rfc8 23. Qe3 Be6 24. Nd2 Ra4 25. Nb3 b6 26. Nd2 Ra2 27.
Nf1 Qa4 28. Qd2 Rxc2 29. Rxc2 Qc6 30. Ne3 b5 31. Ke1 a5 32. Ra2 Qc7 33. Ra3 g6
34. Qb2 Rb8 35. Kd2 Qb6 36. Nc2 Bd7 37. Qa2 Bc6 38. Rxa5 1/2-1/2

[Event "15.Open Primavera"]
[Site "Robecchetto con Induno ITA"]
[Date "2018.05.10"]
[Round "6"]
[White "Moroni, Luca"]
[Black "Bignami, Matteo"]
[Result "1/2-1/2"]
[WhiteElo "1760"]
[BlackElo "1616"]
[PlyCount "162"]
[EventDate "2018.04.05"]

1. d4 c6 2. c3 Nf6 3. Bf4 d6 4. e3 Nbd7 5. h3 b5 6. Nf3 Bb7 7. Be2 e6 8. Nbd2
Be7 9. Rc1 Nd5 10. Bg3 O-O 11. O-O f5 12. c4 f4 13. exf4 Nxf4 14. cxb5 cxb5 15.
Bxb5 Nb6 16. Bc6 Ba6 17. Bxf4 Rxf4 18. Bxa8 Bxf1 19. Qxf1 Nxa8 20. Qe2 Nc7 21.
Qc4 Nd5 22. Qa6 Qb6 23. Qxb6 axb6 24. Re1 Kf7 25. g3 Rf5 26. Kg2 Nb4 27. Rc1
Nxa2 28. Rc7 Ke8 29. Ra7 Nc1 30. Rc7 Nd3 31. b3 e5 32. Rc6 exd4 33. Rxb6 Kd8
34. Ne4 Kc7 35. Ra6 d5 36. Ned2 Bb4 37. Nf1 Kb7 38. Re6 Rf7 39. Re8 Bc3 40. Rd8
Kc6 41. h4 Ne1+ 42. Nxe1 Bxe1 43. f4 d3 44. Kf3 Re7 45. Rc8+ Kb5 46. Rc1 d4 47.
Rd1 d2 48. Nxd2 Re3+ 49. Kg4 Rxg3+ 50. Kf5 g6+ 51. Ke4 Bf2 52. Nf3 Kc5 53. Rc1+
Kb4 54. Rd1 Kxb3 55. Nxd4+ Bxd4 56. Rxd4 Rg4 57. Rd3+ Kc4 58. Rh3 h5 59. Rh1
Rg3 60. Rc1+ Kb5 61. Ke5 Rf3 62. Rg1 Re3+ 63. Kd4 Re6 64. Kd5 Rf6 65. Ke5 Rf5+
66. Ke4 Rf6 67. Rg5+ Kc4 68. f5 gxf5+ 69. Rxf5 Rh6 70. Kf4 Kd4 71. Kg5 Rh8 72.
Rf6 Ke5 73. Rg6 Rh7 74. Ra6 Rh8 75. Ra5+ Ke4 76. Kg6 Rb8 77. Kxh5 Kf4 78. Kg6
Rb6+ 79. Kh5 Rb8 80. Ra4+ Kf5 81. Ra5+ Kf4 1/2-1/2

[Event "15.Open Primavera"]
[Site "Robecchetto con Induno ITA"]
[Date "2018.05.10"]
[Round "6"]
[White "Santangelo, Riccardo"]
[Black "Cecchini, Massimo S"]
[Result "1/2-1/2"]
[WhiteElo "1632"]
[BlackElo "1689"]
[PlyCount "37"]
[EventDate "2018.04.05"]

1. d4 d5 2. Bf4 Nf6 3. Nf3 Bf5 4. e3 c6 5. Bd3 Bxd3 6. Qxd3 e6 7. Qb3 Qb6 8.
Qxb6 axb6 9. h3 Nbd7 10. O-O Be7 11. Nbd2 O-O 12. a3 Rfc8 13. Ne5 Nf8 14. Rfc1
Ne8 15. Ndf3 h6 16. Bg3 h5 17. Ne1 g6 18. N5f3 Nd6 19. Kf1 1/2-1/2

[Event "15.Open Primavera"]
[Site "Robecchetto con Induno ITA"]
[Date "2018.05.10"]
[Round "6"]
[White "Caccianiga, Andrea"]
[Black "Rutigliano, Cesare"]
[Result "0-1"]
[WhiteElo "1421"]
[BlackElo "1672"]
[PlyCount "58"]
[EventDate "2018.04.05"]

1. e4 e6 2. Nf3 d5 3. exd5 exd5 4. d4 Nf6 5. Bg5 Be7 6. Bd3 O-O 7. Nbd2 Ng4 8.
Ne5 Nxf2 9. Bxe7 Nxd3+ 10. Nxd3 Qxe7+ 11. Qe2 Qh4+ 12. Qf2 Re8+ 13. Ne5 Qxf2+
14. Kxf2 f6 15. Nef3 Bd7 16. Rhe1 Na6 17. c3 c5 18. dxc5 Nxc5 19. Re3 Na4 20.
Rb1 Bf5 21. Rbe1 Rxe3 22. Rxe3 Nxb2 23. Nd4 Nd1+ 24. Kf3 Nxe3 25. Kxe3 Re8+ 26.
Kf4 Bd3 27. h4 Rc8 28. Nf5 Bxf5 29. Kxf5 Rxc3 0-1

[Event "15.Open Primavera"]
[Site "Robecchetto con Induno ITA"]
[Date "2018.05.10"]
[Round "6"]
[White "Rancati, David"]
[Black "Mazzarone, Maurizio"]
[Result "1/2-1/2"]
[WhiteElo "1620"]
[BlackElo "1885"]
[PlyCount "103"]
[EventDate "2018.04.05"]

1. e4 e6 2. d4 d5 3. Nc3 Bb4 4. e5 c5 5. a3 cxd4 6. axb4 dxc3 7. bxc3 Qc7 8.
Qd4 Nc6 9. Bb5 Bd7 10. Bxc6 Bxc6 11. Ne2 Bb5 12. Bd2 Ne7 13. f4 O-O 14. Qf2
Bxe2 15. Qxe2 Nc8 16. O-O Nb6 17. Rf3 Nc4 18. Be1 a5 19. bxa5 Rxa5 20. Rxa5
Qxa5 21. f5 Ra8 22. f6 Qb6+ 23. Kh1 g6 24. h3 Qb1 25. Kh2 Ra2 26. Rf2 Qc1 27.
h4 h5 28. g3 Ra1 29. Rf1 Ne3 30. Rg1 Ra2 31. Kh1 Rxc2 32. Qb5 Rh2+ 33. Kxh2
Qc2+ 34. Kh1 Qe4+ 35. Kh2 Qc2+ 36. Kh1 Qe4+ 37. Kh2 Ng4+ 38. Kh3 Nxe5 39. Qe8+
Kh7 40. Qf8 Qg4+ 41. Kg2 Qf3+ 42. Kh3 Qg4+ 43. Kg2 Qf3+ 44. Kh3 Qxf6 45. Bd2
Qf5+ 46. Kg2 Qf3+ 47. Kh3 Qg4+ 48. Kg2 Qe2+ 49. Kh3 Qg4+ 50. Kg2 Qf3+ 51. Kh3
Qf5+ 52. Kg2 1/2-1/2

[Event "15.Open Primavera"]
[Site "Robecchetto con Induno ITA"]
[Date "2018.05.10"]
[Round "6"]
[White "Caldarola, Stefano"]
[Black "Mereghetti, Marco"]
[Result "1-0"]
[WhiteElo "1829"]
[BlackElo "1794"]
[PlyCount "53"]
[EventDate "2018.04.05"]

1. d4 Nf6 2. c4 g6 3. Nc3 d5 4. Nf3 Bg7 5. Bg5 Ne4 6. cxd5 Nxc3 7. bxc3 Qxd5 8.
e3 Bg4 9. Be2 Qa5 10. O-O Nd7 11. Bf4 O-O 12. h3 Bf5 13. Nh4 Be4 14. Nf3 e5 15.
Bg3 exd4 16. Nxd4 Rfd8 17. f3 Qxc3 18. Rc1 Qxe3+ 19. Bf2 Qf4 20. fxe4 Qxe4 21.
Bf3 Qf4 22. Ne2 Qg5 23. Rxc7 Ne5 24. Qb3 Rd3 25. Qxb7 Re8 26. Bd5 Rxh3 27. Rxf7
1-0

[Event "15.Open Primavera"]
[Site "Robecchetto con Induno ITA"]
[Date "2018.05.10"]
[Round "6"]
[White "Giavoni, Andrea"]
[Black "Pappalardo, Antonio"]
[Result "1-0"]
[WhiteElo "1579"]
[BlackElo "1709"]
[PlyCount "78"]
[EventDate "2018.04.05"]

1. e4 c5 2. Nc3 g6 3. g3 Bg7 4. Bg2 Nc6 5. Nge2 e6 6. d3 Nge7 7. O-O O-O 8. Be3
Nd4 9. Qd2 Nec6 10. Nc1 Nb4 11. Bxd4 cxd4 12. Nd1 Nc6 13. c3 dxc3 14. bxc3 d6
15. d4 Bd7 16. Nd3 Rc8 17. Rb1 b6 18. Ne3 Na5 19. e5 Bc6 20. Bxc6 Nxc6 21. f4
dxe5 22. dxe5 Na5 23. Rfd1 Qc7 24. Rbc1 Nc4 25. Qe2 Nxe3 26. Qxe3 Rfd8 27. Nf2
Rxd1+ 28. Nxd1 Bf8 29. Qe4 Qc5+ 30. Kg2 Rd8 31. Kh3 Qg1 32. Qg2 Qxg2+ 33. Kxg2
Rd2+ 34. Kh3 Rxa2 35. Rb1 Rc2 36. c4 Rxc4 37. Ne3 Rc7 38. Ng4 Kg7 39. Nf6 Be7
1-0

[Event "15.Open Primavera"]
[Site "Robecchetto con Induno ITA"]
[Date "2018.05.10"]
[Round "6"]
[White "Wintour, Thomas"]
[Black "Posapiano, Giacomo"]
[Result "1/2-1/2"]
[WhiteElo "1668"]
[BlackElo "1603"]
[PlyCount "120"]
[EventDate "2018.04.05"]

1. e4 c5 2. Nf3 d6 3. d4 cxd4 4. Nxd4 Nf6 5. f3 Nc6 6. c4 Bd7 7. Nc3 g6 8. Be3
Bg7 9. Be2 O-O 10. Qd2 a6 11. O-O Qc7 12. Rac1 Rac8 13. Nd5 Qd8 14. b3 e6 15.
Nxc6 Rxc6 16. Nb4 Rc8 17. Qxd6 Re8 18. Bb6 Qe7 19. Qxe7 Rxe7 20. Rcd1 Bf8 21.
Be3 Kg7 22. e5 Ng8 23. Nd3 Bc6 24. Nf2 Ree8 25. Bd3 Bb4 26. Be4 Bc3 27. f4 f6
28. Bxc6 Rxc6 29. Ne4 Bb4 30. Rd7+ Re7 31. Rfd1 Rc7 32. Rxe7+ Rxe7 33. exf6+
Nxf6 34. Bd4 e5 35. Bxe5 Rxe5 36. fxe5 Nxe4 37. Rd7+ Kg8 38. Rxb7 a5 39. Kf1
Nc3 40. Kf2 Nxa2 41. Kf3 Nc1 42. Ke4 Nxb3 43. Kd5 Nc5 44. Rb5 Nd3 45. c5 Nxc5
46. Rxc5 Bxc5 47. Kxc5 a4 48. Kb4 a3 49. Kxa3 Kf7 50. Kb3 Ke6 51. Kc4 Kxe5 52.
Kd3 Kf4 53. Ke2 h5 54. Kf2 g5 55. g3+ Ke4 56. h3 h4 57. gxh4 gxh4 58. Ke2 Kf4
59. Kf2 Ke4 60. Ke2 Kf4 1/2-1/2

[Event "15.Open Primavera"]
[Site "Robecchetto con Induno ITA"]
[Date "2018.05.10"]
[Round "6"]
[White "Ruggeri, Igor"]
[Black "Colombo, Ernesto"]
[Result "0-1"]
[WhiteElo "1509"]
[BlackElo "1608"]
[PlyCount "146"]
[EventDate "2018.04.05"]

1. d4 Nf6 2. c4 e6 3. Nf3 b6 4. g3 Bb7 5. Bg2 Be7 6. O-O O-O 7. Nc3 d5 8. cxd5
exd5 9. Qc2 Nbd7 10. Bd2 c5 11. Rac1 Rc8 12. Qb1 a6 13. Bh3 cxd4 14. Nxd4 Bc5
15. e3 Rc7 16. Nce2 Ne4 17. Be1 Ne5 18. b4 Be7 19. Rxc7 Qxc7 20. f3 Nf6 21. Bf2
Qc4 22. Rc1 Qxb4 23. Qxb4 Bxb4 24. Rc7 Ba8 25. Bf5 Bc5 26. Kg2 Rd8 27. Rc8 Rxc8
28. Bxc8 a5 29. Ba6 Nc4 30. Nb3 Bxe3 31. Bxe3 Nxe3+ 32. Kf2 Nc4 33. Ned4 Nd7
34. Bb5 Nc5 35. Nc1 Ne6 36. Nc6 Na3 37. Ne7+ Kf8 38. Bc6 Kxe7 39. Bxa8 Nc7 40.
Bb7 Kd8 41. Ke3 Nc4+ 42. Kd4 Kd7 43. Bxd5 Nxd5 44. Kxc4 Kc6 45. Nd3 f6 46. h3
g5 47. f4 gxf4 48. gxf4 h5 49. Nf2 Nxf4 50. Ne4 f5 51. Nf6 Nxh3 52. Nxh5 f4 53.
a4 f3 54. Ng3 f2 55. Nf1 Nf4 56. Ng3 Ne6 57. Nf1 Nc5 58. Kc3 Nxa4+ 59. Kc2 Kc5
60. Kb1 Kd4 61. Ka1 Kd3 62. Ka2 Nc3+ 63. Ka1 Nd1 64. Ng3 Ne3 65. Kb1 f1=Q+ 66.
Nxf1 Nxf1 67. Ka1 b5 68. Kb1 Kc3 69. Ka2 Kc2 70. Ka1 b4 71. Ka2 b3+ 72. Ka3 b2
73. Ka4 b1=Q 0-1

[Event "15.Open Primavera"]
[Site "Robecchetto con Induno ITA"]
[Date "2018.05.10"]
[Round "6"]
[White "Puricelli, Roberto"]
[Black "Zanin, Armando"]
[Result "1/2-1/2"]
[WhiteElo "1533"]
[BlackElo "1466"]
[PlyCount "84"]
[EventDate "2018.04.05"]

1. e4 c5 2. Nf3 Nc6 3. d4 cxd4 4. Nxd4 a6 5. Nc3 Nf6 6. Bg5 e6 7. Nf3 d6 8. e5
dxe5 9. Qxd8+ Kxd8 10. O-O-O+ Kc7 11. Bc4 Be7 12. Rhe1 Bd6 13. Bxf6 gxf6 14.
Ne4 Be7 15. g4 Bd7 16. h3 Rhd8 17. Nfd2 Na5 18. Be2 b5 19. Kb1 Nb7 20. Nb3 Bc6
21. f3 Rxd1+ 22. Rxd1 Rd8 23. Rc1 Bxe4 24. fxe4 Kb6 25. Rf1 h6 26. h4 Rf8 27.
Nd2 Nd6 28. Rc1 f5 29. exf5 exf5 30. h5 Bg5 31. Rd1 e4 32. gxf5 Kc7 33. Bg4 Rd8
34. Nf1 Ne8 35. Rxd8 Kxd8 36. Ng3 Nf6 37. Be2 Bf4 38. Nf1 Ke7 39. b4 Nd5 40.
Kb2 Be5+ 41. Kb3 Nc3 42. Bg4 Nd5 1/2-1/2

[Event "15.Open Primavera"]
[Site "Robecchetto con Induno ITA"]
[Date "2018.05.10"]
[Round "6"]
[White "Crotti, Massimo"]
[Black "Nava, Mario"]
[Result "1/2-1/2"]
[WhiteElo "1382"]
[BlackElo "1390"]
[PlyCount "97"]
[EventDate "2018.04.05"]

1. Nf3 c5 2. e4 e6 3. Nc3 Nc6 4. d3 d5 5. Bf4 d4 6. Nb1 Bd6 7. Bd2 Nge7 8. Na3
Ng6 9. Be2 Bf4 10. g3 Bxd2+ 11. Qxd2 O-O 12. Qg5 Qa5+ 13. Qd2 Qxd2+ 14. Nxd2 a6
15. Nb3 b6 16. Bf3 Nce5 17. Bg2 Bd7 18. O-O Ne7 19. Nd2 b5 20. Nf3 N7g6 21. Nb1
Nxf3+ 22. Bxf3 Ne5 23. Bg2 Rab8 24. Nd2 c4 25. Nf3 Nxf3+ 26. Bxf3 cxd3 27. cxd3
e5 28. Bg2 Rfc8 29. Rac1 Rxc1 30. Rxc1 Rc8 31. Rxc8+ Bxc8 32. a3 a5 33. Kf1 Bd7
34. b4 axb4 35. axb4 Kf8 36. f4 f6 37. f5 Kf7 38. Bf3 g6 39. g4 Kg7 40. Kf2
gxf5 41. gxf5 Kh6 42. h4 Be8 43. Kg3 Bf7 44. Be2 Bb3 45. Kh3 Bf7 46. Kg3 Bh5
47. Bxh5 Kxh5 48. Kh3 h6 49. Kg3 1/2-1/2

[Event "15.Open Primavera"]
[Site "Robecchetto con Induno ITA"]
[Date "2018.05.10"]
[Round "6"]
[White "Macchiettini, Pierangelo"]
[Black "Baguzzi, Sergio"]
[Result "1/2-1/2"]
[WhiteElo "1654"]
[BlackElo "1324"]
[PlyCount "63"]
[EventDate "2018.04.05"]

1. d4 c5 2. d5 Nf6 3. c4 Ne4 4. Nf3 Qa5+ 5. Bd2 Nxd2 6. Nbxd2 g6 7. e4 Bg7 8.
Qc2 O-O 9. Bd3 d6 10. O-O Na6 11. a3 Bd7 12. Rab1 b5 13. h3 b4 14. Qc1 Rab8 15.
a4 b3 16. e5 dxe5 17. Ne4 Nb4 18. Qd2 Qc7 19. Be2 f5 20. d6 exd6 21. Nxd6 Bxa4
22. Nb5 Bxb5 23. cxb5 e4 24. Bc4+ Kh8 25. Ng5 Qe7 26. Ne6 Rf6 27. Qf4 Rc8 28.
Qe5 Nd3 29. Qd5 Nb4 30. Qe5 Rff8 31. Qg3 Rfe8 32. Qxb3 1/2-1/2

[Event "15.Open Primavera"]
[Site "Robecchetto con Induno ITA"]
[Date "2018.05.10"]
[Round "6"]
[White "Colombo, Sandro"]
[Black "Madaschi, Sergio"]
[Result "1-0"]
[WhiteElo "1748"]
[BlackElo "1334"]
[PlyCount "47"]
[EventDate "2018.04.05"]

1. c4 b6 2. Nf3 Nc6 3. Nc3 e6 4. e4 g6 5. d4 Bg7 6. Be2 Nge7 7. O-O O-O 8. d5
exd5 9. exd5 Ne5 10. d6 cxd6 11. Qxd6 Nf5 12. Qd5 Nc6 13. Bg5 Nfe7 14. Qd2 Qc7
15. Nb5 Qb8 16. Nd6 f6 17. Bf4 Ne5 18. Rad1 Rd8 19. Nxe5 fxe5 20. Bg5 Bf8 21.
Bf3 Nc6 22. Bxd8 Bxd6 23. Qxd6 Nxd8 24. Qd5+ 1-0

[Event "15.Open Primavera"]
[Site "Robecchetto con Induno ITA"]
[Date "2018.05.10"]
[Round "6"]
[White "Colusso, Ermes"]
[Black "Marchesotti, Giovanni"]
[Result "1-0"]
[WhiteElo "1741"]
[BlackElo "1406"]
[PlyCount "47"]
[EventDate "2018.04.05"]

1. e4 d6 2. d4 g6 3. f4 Bg7 4. Nf3 Nf6 5. Nc3 O-O 6. Bd3 c6 7. O-O Nbd7 8. Kh1
b5 9. Qe1 Bb7 10. Ne2 Qc7 11. Ng3 e6 12. c3 a6 13. Qe2 c5 14. Be3 h6 15. Rac1
c4 16. Bb1 Ng4 17. Bg1 f5 18. e5 Bxf3 19. Rxf3 dxe5 20. fxe5 Ndxe5 21. dxe5
Bxe5 22. Nf1 Rad8 23. Re1 Rd5 24. Ne3 1-0

[Event "15.Open Primavera"]
[Site "Robecchetto con Induno ITA"]
[Date "2018.05.10"]
[Round "6"]
[White "Ruggiero, Paolino"]
[Black "Gaspari, Giulio"]
[Result "0-1"]
[WhiteElo "1426"]
[BlackElo "1627"]
[PlyCount "126"]
[EventDate "2018.04.05"]

1. e4 e6 2. f4 d5 3. e5 Ne7 4. Nf3 Nf5 5. Be2 Bc5 6. d4 Bb6 7. c3 O-O 8. O-O c5
9. a4 cxd4 10. cxd4 Nc6 11. a5 Nxa5 12. g4 Ne7 13. Nc3 Bd7 14. Be3 Rc8 15. Na4
Nc4 16. Qb3 Nxe3 17. Qxe3 Bxa4 18. Rxa4 Nc6 19. Bd3 f5 20. gxf5 exf5 21. Kh1
Ne7 22. Rg1 h6 23. Nh4 Qe8 24. b3 Rc3 25. Qg3 Qf7 26. Qe3 Kh8 27. Ra2 a6 28.
Rag2 Rg8 29. e6 Qf6 30. Ng6+ Nxg6 31. Rxg6 Qxd4 32. Qxd4 Bxd4 33. Rd1 Bf6 34.
Bxf5 d4 35. Re1 Re3 36. Rd1 Rxb3 37. Rg3 Rxg3 38. hxg3 g6 39. Be4 b6 40. Bc6
Rc8 41. Bd7 Rc3 42. Kg2 Re3 43. Kf2 Kg7 44. g4 Kf8 45. f5 gxf5 46. gxf5 Rc3 47.
Rg1 Bg5 48. Rf1 Rc1 49. Rxc1 Bxc1 50. f6 Ba3 51. Ke2 Bc5 52. Kd3 h5 53. Bc6 h4
54. Bb7 a5 55. Bc6 h3 56. e7+ Bxe7 57. fxe7+ Kxe7 58. Kxd4 h2 59. Kc4 Kd6 60.
Bh1 Ke5 61. Kb5 Kd4 62. Bc6 Ke3 63. Kxb6 a4 0-1

[Event "15.Open Primavera"]
[Site "Robecchetto con Induno ITA"]
[Date "2018.05.10"]
[Round "6"]
[White "Rampazzo, Franco"]
[Black "Giusti, Francesco"]
[Result "1/2-1/2"]
[WhiteElo "1351"]
[BlackElo "1478"]
[PlyCount "114"]
[EventDate "2018.04.05"]

1. e4 c5 2. Nf3 Nc6 3. Nc3 g6 4. Rb1 Bg7 5. b3 a6 6. Bb2 b5 7. a3 d6 8. Ne2
Bxb2 9. Rxb2 Nf6 10. Ng3 Qa5 11. Ra2 Bb7 12. c3 Rd8 13. Qc2 e5 14. d3 O-O 15.
Be2 d5 16. O-O Rd7 17. b4 Qb6 18. bxc5 Qxc5 19. d4 exd4 20. e5 Ng4 21. cxd4
Qxc2 22. Rxc2 Nh6 23. Rfc1 Rc8 24. Rc5 Ne7 25. Ng5 Rxc5 26. Rxc5 Nc6 27. Nf3
Kg7 28. Bd3 Ng8 29. Ne2 Nd8 30. Rc1 Ne6 31. g3 Ne7 32. Nd2 Nc6 33. Nb3 f6 34.
f4 Rc7 35. f5 gxf5 36. Bxf5 Bc8 37. Bxe6 Bxe6 38. Nf4 Kf7 39. exf6 Kxf6 40. Rc5
Rc8 41. Nxd5+ Kf7 42. Nb6 Rb8 43. Rxc6 Bxb3 44. Nc8 a5 45. Rc5 Ke6 46. Kf2 Bd5
47. Ke3 b4 48. axb4 axb4 49. Na7 b3 50. Nb5 b2 51. Nc3 b1=Q 52. Nxb1 Rxb1 53.
Rc7 Rb7 54. Rxb7 Bxb7 55. g4 Kf6 56. h4 h6 57. Kf4 Bd5 1/2-1/2

[Event "15.Open Primavera"]
[Site "Robecchetto con Induno ITA"]
[Date "2018.05.10"]
[Round "6"]
[White "Brioschi, Camillo"]
[Black "Frignani, Alessandro"]
[Result "1-0"]
[WhiteElo "1729"]
[BlackElo "1454"]
[PlyCount "67"]
[EventDate "2018.04.05"]

1. d4 d5 2. c4 Nf6 3. cxd5 Nxd5 4. e4 Nf6 5. Nc3 Nc6 6. Nf3 Bg4 7. Be3 a6 8.
Be2 e6 9. h3 Bh5 10. a3 Be7 11. O-O Bg6 12. Bd3 Qd7 13. Rc1 O-O-O 14. Qa4 Nb8
15. Qb3 c5 16. Na4 Qc7 17. Nb6+ Qxb6 18. Qxb6 Nbd7 19. Qa7 Kc7 20. Bxa6 Rb8 21.
Bf4+ e5 22. Bxe5+ Nxe5 23. Nxe5 Bxe4 24. dxc5 Nd7 25. Nxd7 Kxd7 26. Bb5+ Bc6
27. Bxc6+ Kxc6 28. Qb6+ Kd7 29. Rcd1+ Ke8 30. Rfe1 f6 31. Qc7 Kf7 32. Rxe7+ Kg6
33. Rxg7+ Kh6 34. Rd4 1-0

[Event "15.Open Primavera"]
[Site "Robecchetto con Induno ITA"]
[Date "2018.05.10"]
[Round "6"]
[White "Cunati, Valerio"]
[Black "Koureas, Panicos"]
[Result "1-0"]
[WhiteElo "1665"]
[BlackElo "1371"]
[PlyCount "63"]
[EventDate "2018.04.05"]

1. e4 d5 2. exd5 Qxd5 3. Nc3 Qd6 4. Nf3 c6 5. d4 Nf6 6. Be2 Bg4 7. O-O e6 8.
Ne5 Bxe2 9. Nxe2 Qc7 10. Bg5 Be7 11. Bf4 Nd5 12. Bg3 O-O 13. Ng6 Bd6 14. Nxf8
Bxg3 15. Nxg3 Kxf8 16. c4 Nf4 17. Qf3 Nd7 18. Ne4 h6 19. c5 Rd8 20. Nd6 g5 21.
g3 Nh3+ 22. Kg2 f5 23. Qh5 Nf6 24. Qxh6+ Qg7 25. Qxh3 Ng4 26. Rad1 Ke7 27. Rfe1
Kd7 28. Qh5 Rh8 29. Qf7+ Qxf7 30. Nxf7 Rxh2+ 31. Kg1 Rxf2 32. Ne5+ 1-0

[Event "15.Open Primavera"]
[Site "Robecchetto con Induno ITA"]
[Date "2018.05.10"]
[Round "6"]
[White "Ghiggini, Stefano"]
[Black "Pizzolato, Roberto"]
[Result "0-1"]
[WhiteElo "1334"]
[BlackElo "1754"]
[PlyCount "66"]
[EventDate "2018.04.05"]

1. e4 d6 2. d4 Nf6 3. Bd3 g6 4. c3 Bg7 5. Nf3 Nbd7 6. O-O O-O 7. Re1 e5 8. dxe5
Nxe5 9. Nxe5 dxe5 10. Bg5 c6 11. Bc2 Qb6 12. Bb3 a5 13. Qe2 a4 14. Bd1 Rd8 15.
Be3 Qc7 16. Nd2 Ng4 17. f3 Nxe3 18. Qxe3 b6 19. Kh1 Be6 20. Nf1 Bf8 21. a3 Bc4
22. Be2 Bc5 23. Qc1 Bb3 24. Bd1 Bc4 25. Be2 Be6 26. Rd1 b5 27. Rxd8+ Rxd8 28.
Ng3 Qb6 29. Qc2 Bb3 30. Qb1 Rd2 31. Qe1 Qd8 32. h3 Rxb2 33. Bd1 Bf2 0-1